00849nam a2200241Ia 4500003000400000005001700004008004100021020001500062040001800077041000800095082002000103100002900123245007800152250000600230260004400236300002800280650004100308650004800349650003100397942003000428999001900458952013000477OSt20260121144527.0210716s2002 xx 000 0 und d a8178086425 cAIMIT LIBRARY aeng a006.6223bUFFJ aUffenbeck, John.9252084 a80*86 family : bdesign programming and interfacing /cBy John Uffenbeck. a3 aNew Delhi :bPearson Education ,c2002. aix,678p. ;bPBc24.5 cm a80*86 processor architecture9252085 aMemory chips and memory interfacing9252086 aData communication9252087 2ddccBKe3rdk006.62 UFFJ c185512d185512 001040708MCAaAIMITbAIMITeSita Book Houseg250.00l0o006.62 UFFJpMCA05020r2026-05-23 00:00:00v250.00w2021-07-16yBK